| 000 | 00605nam a2200229 a 4500 | ||
|---|---|---|---|
| 005 | 20210219153300.0 | ||
| 008 | 991125n 000 0 u | ||
| 035 | _aUPN01000088388 | ||
| 100 | _aWeber, Jacques | ||
| 222 | _aEDUCATIONAL MEDIA INTERNATIONAL | ||
| 245 | _aMolecular graphics and chemistry | ||
| 300 | _a247-253 | ||
| 362 | _a29, No. 4, 1992 | ||
| 505 | _aJulio 1993 | ||
| 653 | 0 | _aESTRUCTURA MOLECULAR | |
| 653 | 0 | _aGRAFICAS EN COMPUTADORA | |
| 653 | 0 | _aQUIMICA | |
| 700 | _aFluekiger, Peter | ||
| 700 | _aMorgantini, Pierre-Yves | ||
| 904 |
_aAC _b026199 |
||
| 905 | _aArticulo | ||
| 999 |
_c72987 _d72987 |
||